000 00870nam a2200193Ii 4500
003 JO-AjNU
008 230605s9999||||xx |||||||||||||| ||und||
040 _aJO-AjNU
_bara
_erda
_cJO-AjNU
041 _aara
050 1 4 _aHG4521.H56 2007
100 3 _aالحناوي،محمد / م.مشارك: نهال فريد مصطفى، السيدة عبدالفتاح اسماعيل، السيد الصيفي,
_eauthor
_932092
245 0 0 _aالاستثمار في الاوراق المالية وادارة المخاطر
264 3 1 _aالاسكندرية: المكتب الجامعي الحديث، 2007
300 _a320ص
_bيحتوي على ببلوغرافية وملاحق من315-320ص
336 _atext
_btxt
_2rdacontent
337 _aunmediated
_bn
_2rdamedia
338 _avolume
_bnc
_2rdacarrier
650 4 _aاستثمار - الاوراق المالية
_932093
999 _aA12916
_c16484
_d16484